000 00584nam a22002057a 4500
003 BD-ChCU
005 20251118113810.0
008 251118b uk ||||| |||| 00| 0 eng d
020 _a9781800621114
040 _cBD-ChCU
082 _a639.8 S854a
100 _aStickney , Robert R.
_916352
245 _aAquaculture : an introductory text /
_cRobert R. Stickney and Delbert M. Gatlin
250 _a4th ed.
260 _aUK :
_bWallingford,
_cc2022
300 _a347p.
650 0 _aAquaculture
_916353
700 _aDelbert M. Gatlin
_eJt. Author
_916354
942 _2ddc
_cBK
_n0
999 _c109549
_d109549